| Tag |
First Indicator |
Second Indicator |
Subfields |
| LEADER |
00000cam a2200000 4500 |
| 001 |
in00000080641 |
| 005 |
20151008052952.0 |
| 008 |
790313s1940 onca 00010 eng |
| 010 |
|
|
|a 41006895
|
| 035 |
|
|
|a (OCoLC)04738407
|
| 035 |
|
|
|9 AAH5667AM
|
| 040 |
|
|
|a DLC
|c LUU
|d TXA
|d UtOrBLW
|
| 043 |
|
|
|a e-uk---
|
| 049 |
|
|
|a TXAM
|c [175237]
|
| 050 |
0 |
0 |
|a HG2999.A3
|b P55
|
| 082 |
0 |
|
|a 332.110942
|
| 092 |
|
|
|a 332.11
|b P736c
|
| 100 |
1 |
|
|a Plumptre, A. F. W.
|q (Arthur FitzWalter Wynne),
|d 1907-1977.
|
| 245 |
1 |
0 |
|a Central banking in the British dominions /
|c by A.F.W. Plumptre.
|
| 264 |
|
1 |
|a Toronto, Can :
|b The University of Toronto press,
|c 1940.
|
| 300 |
|
|
|a xv, 462 pages :
|b diagrams ;
|c 24 cm.
|
| 336 |
|
|
|a text
|b txt
|2 rdacontent
|
| 337 |
|
|
|a unmediated
|b n
|2 rdamedia
|
| 338 |
|
|
|a volume
|b nc
|2 rdacarrier
|
| 651 |
|
0 |
|a Great Britain
|x Colonies
|x Banks and banking.
|
| 999 |
|
|
|a MARS
|
| 999 |
f |
f |
|s abe9eb19-ecda-338a-8bee-9a74aa563f89
|i 7e8a7b1f-eb49-39d7-b09c-51986ab4a193
|t 0
|
| 952 |
f |
f |
|p ric
|a Texas A&M University
|b Rellis Campus
|c Joint Library Facility
|d Remote Storage
|t 0
|e HG2999.A3 P55
|h Library of Congress classification
|i unmediated -- volume
|m A14800729910
|
| 998 |
f |
f |
|a HG2999.A3 P55
|t 0
|l Remote Storage
|